| 000 | 01237nac a22003371i 4500 | ||
|---|---|---|---|
| 003 | EG-ScBUE | ||
| 005 | 20221219133420.0 | ||
| 008 | 221219t2007 njua f b 001 0 eng d | ||
| 020 | _a0471684732 (pbk.) | ||
| 020 | _a9780471684732 | ||
| 040 |
_aEG-ScBUE _beng _erda _cEG-ScBUE _dEG-ScBUE |
||
| 082 | 0 | 4 |
_a728.37 _bMIT _222 |
| 100 | 1 |
_aMitton, Maureen, _eauthor. |
|
| 245 | 1 | 0 |
_aResidential interior design : _ba guide to planning spaces / _cMaureen Mitton, Courtney Nystuen ; with CAD illustrations by Melissa Brewer. |
| 264 | 1 |
_aHoboken, N.J. : _bJohn Wiley & Sons, Inc., _c[2007] |
|
| 264 | 4 | _cc2007 | |
| 300 |
_a248 pages : _billustrations ; _c22 cm |
||
| 336 |
_2rdacontent _atext _btxt |
||
| 337 |
_2rdamedia _aunmediated _bn |
||
| 338 |
_2rdacarrier _avolume _bnc |
||
| 504 | _aIncludes bibliographical references and index. | ||
| 650 | 7 |
_aInterior architecture. _2BUEsh |
|
| 650 | 7 |
_aDwellings _xPlanning. _2BUEsh |
|
| 650 | 7 |
_aDwellings _vSpecifications. _2BUEsh |
|
| 653 | _bENGARC | ||
| 655 | _vReading book | ||
| 700 | 1 |
_aNystuen, Courtney, _eauthor. |
|
| 700 | 1 |
_aBrewer, Melissa, _eillustrator. |
|
| 856 | 4 | 1 |
_3Table of contents only _uhttp://www.loc.gov/catdir/toc/ecip0612/2006013278.html |
| 942 |
_cBB _2ddc |
||
| 999 |
_c8056 _d8056 |
||